She don't give a fo - Duki ft. Khea letra sin pistas - Estadísticas

Estadísticas generales
  • Esta prueba ha sido intentada 671 veces
  • La puntuación promedio es 290 de 379
Estadísticas de respuestas
--------------------------------------------------------------Answer-------------------------------------------------------------- % Correcto
a
99%
oh
99%
She
98%
she
98%
don't
97%
dont
97%
fo
97%
give
97%
la
96%
que
96%
es
95%
mi
94%
quiero
94%
y
94%
de
92%
o
92%
lo
91%
pero
91%
un
91%
el
90%
si
90%
Sabe
89%
sabe
89%
no
88%
con
87%
por
86%
se
85%
85%
su
83%
te
83%
soy
82%
coca
81%
pa'
81%
Quizás
81%
quizás
81%
esto
80%
loco
80%
miedo
80%
mis
80%
son
80%
aprovecha
79%
cambio
79%
humor
79%
na
79%
pocas
79%
horas
78%
quiere
78%
sin
78%
baby
77%
en
77%
futuro
77%
tanto
77%
ya
77%
alguien
76%
importa
75%
me
75%
besos
74%
otra
74%
frío
73%
sacar
73%
caliente
72%
cuando
72%
este
72%
ni
72%
vacío
72%
eso
71%
llena
71%
loca
70%
nuevo
70%
reina
70%
ropa
70%
'toy
70%
boca
69%
copas
69%
estoy
69%
tu
69%
vas
69%
yonki
69%
hacer
68%
cuatro
67%
esa
67%
sacarle
67%
digo
66%
creo
65%
lío
65%
puerta
65%
termino
65%
to'
65%
darle
61%
heroína
60%
solo
60%
dejé
58%
pasemos
58%
girl
57%
sexo
57%
siento
57%
pena
56%
ve
55%
tus
54%
como
53%
quereme
53%
pueden
52%
culpa
51%
nada
51%
diabla
50%
mira
49%
nos
49%
bit
48%
ella
48%
little
48%
resto
48%
puedo
46%
just
45%
morirme
45%
nuestro
45%
sea
45%
una
45%
nacío'
44%
besa
43%
habla
43%
mientras
43%
después
42%
hubiera'
42%
'toy
41%
cara
40%
estuvieran
39%
feliz
38%
palabras
38%
veo
38%
días
36%
noches
35%
odiando
35%
perdido
33%
ando
31%
buscarte
23%
los
23%
vaya
23%
ahora
21%
dímelo
21%
cuerpo
20%
diga
20%
tiempo
19%
antes
18%
mato
18%
mismo
17%
alcanza
16%
ganas
16%
quieres
16%
dos
15%
juro
15%
sobran
15%
algo
14%
frenarte
14%
hay
14%
miento
14%
hagas
13%
siempre
13%
mata
11%
No se encontraron pruebas coincidentes
Distribución de puntuación
Porcentaje de gente con cada puntuación
Porcentaje por número respondido
Historial de tus puntuaciones
No has intentado esta prueba.